| 000 | 01669cam a22004214a 4500 | ||
|---|---|---|---|
| 001 | 13829360 | ||
| 003 | OSt | ||
| 005 | 20180212192727.0 | ||
| 008 | 050103s2006 enka b 001 0 eng | ||
| 010 | _a 2004031031 | ||
| 015 |
_aGBA570860 _2bnb |
||
| 015 | _abnb | ||
| 016 | 7 |
_a013278618 _2Uk |
|
| 016 | 7 |
_a101262937 _2DNLM |
|
| 020 | _a0195172175 (cloth) | ||
| 020 | _a0195172167 (pbk.) | ||
| 020 | _a9780195172171 | ||
| 020 | _a9780195172164 | ||
| 035 | _a(OCoLC)ocm57373790 | ||
| 040 |
_aDLC _cDLC _dBAKER _dUKM _dC#P _dNLM _dDLC |
||
| 042 | _apcc | ||
| 050 | 0 | 0 |
_aRA1122.5 _b.U53 2006 |
| 060 | 0 | 0 | _a2005 N-885 |
| 060 | 1 | 0 |
_aWA 320 _bU4528 2006 |
| 082 | 0 | 0 |
_aWA 320 U2u 2006 _222 |
| 100 |
_aEdited by Charmaine R. Brittain. _912450 |
||
| 245 | 0 | 0 |
_aUnderstanding the Medical Diagnosis of Child Maltreatment: _ba guide for nonmedical professionals. |
| 250 | _a3rd ed. | ||
| 260 |
_bOxford University Press, _c2006. |
||
| 300 |
_axviii, 268 p. : _bill.: _c24 cm. |
||
| 504 | _aIncludes bibliographical references and index. | ||
| 520 | _a"Provides a step-by-step guide to frequently asked questions concerning the medical aspects of child abuse and neglect. Designed for the nonmedical professional, this guide covers burns, fractures, poisoning, sexual abuse, neglect, substance abuse, and working with medical providers. Includes charts, illustrations, checklists, and resources"--Provided by publisher. | ||
| 650 | 0 |
_aChild abuse _91973 |
|
| 650 | 0 |
_aChild Maltreatment _91974 |
|
| 856 | 4 | 1 |
_3Table of contents only _uhttp://www.loc.gov/catdir/toc/ecip055/2004031031.html |
| 906 |
_a7 _bcbc _corignew _d1 _eecip _f20 _gy-gencatlg |
||
| 942 |
_2z _cSLOAN |
||
| 999 |
_c744 _d744 |
||